000 00785nam a2200217Ii 4500
003 JO-AjNU
008 230605s9999||||xx |||||||||||||| ||und||
017 _a2010/6/2377
040 _aJO-AjNU
_bara
_erda
_cJO-AjNU
041 _aara
050 1 4 _aRJ506.A9.M8783 2011
100 3 _aمصطفى، اسامة فاروق/ م مشارك السيد كامل الشربيني ,
_eauthor
_928013
245 0 0 _aالتوحد: الاسباب-التشخيص-العلاج
250 _aط1
264 3 1 _aعمان:دار المسيرة للنشر ،2011
300 _a320ص
336 _atext
_btxt
_2rdacontent
337 _aunmediated
_bn
_2rdamedia
338 _avolume
_bnc
_2rdacarrier
650 4 _aالتوحد-الاضطرابات الانفعالية-الصحة النفسية
_928014
999 _aA10813
_c14381
_d14381